000 00407nam a22001457a 4500
005 20150907103420.0
008 150907b xxu||||| |||| 00| 0 eng d
040 _cPK-LaUMT
082 _aKHC 954.035
_bNOO-M
100 _aNoor ul Haq
245 _aMaking of Pakistan
_bthe military perspective
_cNoor ul Haq
260 _aIslamabad
_bHistorical and cultural research
_c1993
300 _a331 p.
942 _cBK
999 _c75462
_d75462